| 000 | 00617nam a2200241 a 4500 | ||
|---|---|---|---|
| 001 | nice12345678 | ||
| 003 | IN_TiNIC | ||
| 005 | 20260116012344.0 | ||
| 008 | 050524s1984 dela grp 000 0 eng | ||
| 020 |
_a _c100 |
||
| 082 | 0 | 0 |
_a201.65 _bKHA2 |
| 100 | _aKhan, Ehsanullah | ||
| 245 |
_aPromotion of Scientific Temper _b Study of Science and Religion. |
||
| 260 |
_aDelhi _bBait Al Hikmat _c1984 |
||
| 300 | _a74p | ||
| 500 | _aincludes index and biblioraphy | ||
| 505 | 2 | _aReferences | |
| 650 | _aReligion and Science | ||
| 700 | 1 | _aKhan, Ehsanullah | |
| 902 | _bSRS | ||
| 942 | _cBK | ||
| 999 |
_c6680 _d6680 |
||